000 01152nam1a22003371i 4500
001 v19\rc\1723059
005 20240723122404.0
035 _a(NLR Aleph) 004844157
090 _a4853692
_c4853692
100 _a20061002g19011910|||y0rusy50 ca
101 1 _arus
_ager
_cger
102 _aRU
105 _a z |||||
200 1 _aСказки Гауффа
205 _a3-е изд. Перепеч. со 2-го... Ч. 1-2
210 _aСанкт-Петербург
_cтип. Ю.Н. Эрлих
_d1901-1910
215 _a2 т.
_d22
225 1 _aИздания для школ с построчным и алфавитным словарями Ф.К. Андерсона
300 _aЗагл. на рус. и нем. яз.
300 _aТекст на нем. яз.
532 1 3 _aСказки Гауффа
700 1 _aХауф
_bВ.
_f1802-1827
_gВильгельм
790 1 _aГауфф
_bВ.
_f1802-1827
_gВильгельм
801 0 _aRU
_bNLR
_gpsbo
801 0 _aRU
_bRuMoRGB
_2psbo
801 1 _aRU
_bProSoft-M
_2rusmarc
852 _aNLR
_j34.1.5.55
899 _aRuMoRGB
_jA 236/513
899 _aБАН
942 _cBOOK